[Event "ESP-ch Seniors 50"]
[Site "Altea"]
[Date "2021.11.05"]
[Round "7"]
[White "Ladron de Guevara Galar, Francisco Javier"]
[Black "Vilarnovo Caamano, Jose"]
[Result "1/2-1/2"]
[WhiteElo "2061"]
[BlackElo "1945"]
[PlyCount "118"]
[EventDate "2021.10.31"]
[EventType "swiss"]
[EventRounds "9"]
[EventCountry "ESP"]
[SourceTitle "CBM 205 Extra"]
[Source "ChessBase"]
[SourceDate "2022.01.31"]
[SourceVersion "1"]
[SourceVersionDate "2022.01.31"]
[SourceQuality "1"]

1. d4 f5 2. Nf3 e6 3. g3 Nf6 4. Bg2 Be7 5. 0-0 0-0 6. c4 d6 7. Nc3 Ne4 8. Qd3 Nxc3 9. bxc3 Nc6 10. e4 e5 11. Ba3 Qe8 12. c5 fxe4 13. Qxe4 Bf5 14. Qd5+ Kh8 15. cxd6 cxd6 16. Bxd6 Bxd6 17. Qxd6 Rd8 18. Qa3 exd4 19. Nxd4 Nxd4 20. cxd4 Rxd4 21. Qxa7 Rd2 22. Qxb7 Bd3 23. Rfe1 Rxa2 24. Qb4 Rxa1 25. Rxa1 Qf7 26. Qxf8+ Qxf8 27. Ra8 Qxa8 28. Bxa8 g6 29. f4 Kg7 30. Kf2 Bf5 31. Ke3 Bb1 32. Kd4 Bc2 33. Ke5 Bd1 34. Be4 Bg4 35. Bg2 Bf5 36. Be4 Bg4 37. Bd5 Bd1 38. Be6 Bc2 39. Kd6 Bd3 40. Ke7 Bc2 41. g4 Bd3 42. h4 h5 43. g5 Bc2 44. Kd6 Bd3 45. Ke5 Be2 46. Bd5 Bd1 47. Ke4 Bg4 48. Ke3 Bd1 49. Bf3 Bc2 50. Be4 Ba4 51. Bf3 Bd7 52. Kd4 Bc8 53. Ke5 Bd7 54. Bd5 Bg4 55. Be4 Bd1 56. f5 gxf5 57. Kxf5 Ba4 58. g6 Be8 59. Kg5 Bxg6 1/2-1/2

[Event "ESP-ch Seniors 50"]
[Site "Altea"]
[Date "2021.11.01"]
[Round "2"]
[White "Vilarnovo Caamano, Jose"]
[Black "Brusi Noguera, Ricardo Ll"]
[Result "1/2-1/2"]
[WhiteElo "1945"]
[BlackElo "2079"]
[PlyCount "80"]
[EventDate "2021.10.31"]
[EventType "swiss"]
[EventRounds "9"]
[EventCountry "ESP"]
[SourceTitle "CBM 205 Extra"]
[Source "ChessBase"]
[SourceDate "2022.01.31"]
[SourceVersion "1"]
[SourceVersionDate "2022.01.31"]
[SourceQuality "1"]

1. e4 Nf6 2. e5 Nd5 3. d4 d6 4. Nf3 Bg4 5. c4 Nb6 6. exd6 cxd6 7. Be3 e6 8. h3 Bh5 9. Nc3 Be7 10. b3 d5 11. c5 Bxf3 12. Qxf3 Nc8 13. Rc1 Nc6 14. Bb5 0-0 15. 0-0 Bf6 16. Rfd1 N8e7 17. Ne2 Nf5 18. g4 Nxe3 19. Qxe3 g6 20. f4 Qa5 21. Bxc6 bxc6 22. Rc2 Rab8 23. Kg2 Qa3 24. Rd3 Rfe8 25. Kg3 Qa5 26. Rd1 Qc7 27. Kg2 h6 28. Rf1 Qe7 29. Rd2 g5 30. Qf3 Rb7 31. Rd3 Qf8 32. Ng3 gxf4 33. Nh5 Bg5 34. Nxf4 e5 35. dxe5 Rxe5 36. Ng6 Qe8 37. Nxe5 Qxe5 38. Rf2 Re7 39. Rd1 Bh4 40. Rff1 Qb2+ 1/2-1/2

[Event "Gibraltar Masters 17th"]
[Site "Caleta"]
[Date "2019.01.28"]
[Round "7"]
[White "Vilarnovo Caamano, Jose"]
[Black "Suez Panama, Gilles"]
[Result "0-1"]
[WhiteElo "1945"]
[BlackElo "2078"]
[PlyCount "64"]
[EventDate "2019.01.22"]
[EventType "swiss"]
[EventRounds "10"]
[EventCountry "GGB"]
[SourceTitle "CBM 188 Extra"]
[Source "ChessBase"]
[SourceDate "2019.02.26"]
[SourceVersion "1"]
[SourceVersionDate "2019.02.26"]
[SourceQuality "1"]

1. d4 Nf6 2. c4 g6 3. Nc3 Bg7 4. e4 d6 5. Nge2 0-0 6. Ng3 Nc6 7. Be2 e5 8. d5 Nd4 9. Be3 c5 10. dxc6 bxc6 11. Bxd4 exd4 12. Qxd4 Nd5 13. Qd2 Nxc3 14. bxc3 Qa5 15. Rc1 Qa3 16. 0-0 Rb8 17. Rc2 Be6 18. Bd3 Rb6 19. f4 Bxc4 20. Bxc4 Qc5+ 21. Kh1 Qxc4 22. Qxd6 Rfb8 23. h4 Rb1 24. Rd1 h5 25. Kh2 Bf8 26. Qd3 Qe6 27. Rxb1 Rxb1 28. Ne2 Qf6 29. g3 c5 30. Rd2 Qb6 31. Qd8 Qxd8 32. Rxd8 Rb2 0-1

[Event "Gibraltar Masters 17th"]
[Site "Caleta"]
[Date "2019.01.26"]
[Round "5"]
[White "Veltkamp, Gerben"]
[Black "Vilarnovo Caamano, Jose"]
[Result "1-0"]
[WhiteElo "2117"]
[BlackElo "1945"]
[PlyCount "61"]
[EventDate "2019.01.22"]
[EventType "swiss"]
[EventRounds "10"]
[EventCountry "GGB"]
[SourceTitle "CBM 188 Extra"]
[Source "ChessBase"]
[SourceDate "2019.02.26"]
[SourceVersion "1"]
[SourceVersionDate "2019.02.26"]
[SourceQuality "1"]

1. Nf3 e6 2. g3 f5 3. Bg2 Nf6 4. 0-0 Be7 5. d3 0-0 6. Nc3 d6 7. e4 fxe4 8. dxe4 e5 9. Nd5 Nc6 10. Nd2 Kh8 11. a4 Be6 12. Nc4 Qd7 13. Be3 Rf7 14. f3 Bf8 15. Bg5 h6 16. Bxf6 gxf6 17. Nce3 Ne7 18. f4 c6 19. f5 Bxd5 20. exd5 cxd5 21. Bxd5 Nxd5 22. Qxd5 h5 23. Qf3 Rc8 24. c4 d5 25. Qxd5 Bc5 26. Rae1 Qc7 27. Kg2 Rd8 28. Qf3 Rd2+ 29. Re2 Rxe2+ 30. Qxe2 Qc6+ 31. Nd5 1-0

[Event "Gibraltar Masters 17th"]
[Site "Caleta"]
[Date "2019.01.25"]
[Round "4"]
[White "Vilarnovo Caamano, Jose"]
[Black "Pinho, Paulo Miguel"]
[Result "0-1"]
[WhiteElo "1945"]
[BlackElo "2205"]
[PlyCount "52"]
[EventDate "2019.01.22"]
[EventType "swiss"]
[EventRounds "10"]
[EventCountry "GGB"]
[SourceTitle "CBM 188 Extra"]
[Source "ChessBase"]
[SourceDate "2019.02.26"]
[SourceVersion "1"]
[SourceVersionDate "2019.02.26"]
[SourceQuality "1"]

1. e4 c5 2. Nf3 e6 3. g3 Nc6 4. Bg2 Nf6 5. Nc3 Be7 6. 0-0 0-0 7. d4 cxd4 8. Nxd4 Qc7 9. Bf4 Ne5 10. Bxe5 Qxe5 11. f4 Qc7 12. e5 Ne8 13. Qd3 d6 14. Rae1 Bd7 15. Kh1 Rd8 16. Qf3 dxe5 17. fxe5 Qb6 18. Re4 Bc5 19. Nce2 f5 20. exf6 Nxf6 21. Rh4 Qxb2 22. Qxb7 Qxb7 23. Bxb7 g5 24. Nb3 gxh4 25. Nxc5 Bb5 26. Nxe6 Bxe2 0-1

[Event "Gibraltar Masters 16th"]
[Site "Caleta"]
[Date "2018.01.27"]
[Round "5"]
[White "Vilarnovo Caamano, Jose"]
[Black "Francois Haugrin, Said"]
[Result "1-0"]
[WhiteElo "1981"]
[BlackElo "1714"]
[PlyCount "71"]
[EventDate "2018.01.23"]
[EventType "swiss"]
[EventRounds "10"]
[EventCountry "GGB"]
[SourceTitle "CBM 183"]
[Source "ChessBase"]
[SourceDate "2018.03.14"]
[SourceVersion "1"]
[SourceVersionDate "2018.03.14"]
[SourceQuality "1"]

1. e4 c5 2. Nf3 Nc6 3. d4 cxd4 4. Nxd4 e5 5. Nb5 d6 6. c4 f5 7. Bd3 f4 8. g3 a6 9. N5c3 fxg3 10. hxg3 Be6 11. Be3 Nf6 12. Nd5 Bxd5 13. exd5 Ne7 14. Bg5 Qa5+ 15. Nd2 0-0-0 16. a3 h6 17. b4 Qc7 18. Ne4 Nxe4 19. Bxe4 Rg8 20. Be3 Kb8 21. Rc1 g6 22. Bxh6 Nf5 23. Bg5 Be7 24. Rh7 Rh8 25. Rxh8 Rxh8 26. Qg4 Nh6 27. Bxh6 Rxh6 28. Bxg6 Rh1+ 29. Kd2 Rh2 30. Ke2 Qb6 31. Qf3 Qd4 32. Rc2 Bg5 33. c5 Qa1 34. Be4 Rh6 35. c6 Rf6 36. c7+ 1-0

[Event "Gibraltar Masters 16th"]
[Site "Caleta"]
[Date "2018.01.25"]
[Round "3"]
[White "Vilarnovo Caamano, Jose"]
[Black "Pinho, Paulo Miguel"]
[Result "0-1"]
[WhiteElo "1981"]
[BlackElo "2186"]
[PlyCount "64"]
[EventDate "2018.01.23"]
[EventType "swiss"]
[EventRounds "10"]
[EventCountry "GGB"]
[SourceTitle "CBM 183"]
[Source "ChessBase"]
[SourceDate "2018.03.14"]
[SourceVersion "1"]
[SourceVersionDate "2018.03.14"]
[SourceQuality "1"]

1. e4 c5 2. Nf3 e6 3. d4 cxd4 4. Nxd4 a6 5. c4 b6 6. a3 Bb7 7. Nc3 d6 8. Be2 Nf6 9. f3 Be7 10. Be3 0-0 11. 0-0 Nbd7 12. Rc1 Rc8 13. b4 Re8 14. Bf2 Qc7 15. Na4 Qb8 16. Nb3 Bc6 17. Nd4 Ba8 18. Bg3 Nh5 19. Bf2 Nf4 20. Bg3 Bg5 21. Rc2 h5 22. h4 Nxe2+ 23. Nxe2 Be7 24. Rc1 b5 25. Nb2 Ne5 26. Qb3 Ng6 27. c5 Qa7 28. Bf2 dxc5 29. Ng3 Bxh4 30. bxc5 Nf4 31. Qe3 Bg5 32. Qd4 h4 0-1

[Event "Gibraltar Masters 15th"]
[Site "Caleta"]
[Date "2017.02.02"]
[Round "10"]
[White "Gluckman, Paul"]
[Black "Vilarnovo Caamano, Jose"]
[Result "0-1"]
[WhiteElo "1831"]
[BlackElo "2009"]
[PlyCount "90"]
[EventDate "2017.01.24"]
[EventType "swiss"]
[EventRounds "10"]
[EventCountry "GGB"]
[SourceTitle "EXT 2018"]
[Source "ChessBase"]
[SourceDate "2017.10.13"]
[SourceVersion "1"]
[SourceVersionDate "2017.10.13"]
[SourceQuality "1"]

1. e4 b6 2. Nf3 Bb7 3. d3 g6 4. g3 Bg7 5. Bg2 d6 6. 0-0 Nd7 7. Nc3 e6 8. Ne1 h5 9. Be3 h4 10. d4 a6 11. Nf3 Bf6 12. Qd2 Qe7 13. a4 Kf8 14. Rfe1 Kg7 15. e5 dxe5 16. dxe5 Nxe5 17. Nxe5 Bxg2 18. Nxg6 fxg6 19. Kxg2 h3+ 20. Kg1 Qe8 21. Qd3 Rh5 22. Qe4 Rd8 23. Rad1 Bxc3 24. bxc3 Rhd5 25. Rxd5 Rxd5 26. Bd4+ Kf8 27. Qf4+ Qf7 28. Qg4 Qf5 29. Qh4 g5 30. Qh8 Rd7 31. f3 c5 32. Be5 Qxc2 33. Qxh3 Rd1 34. Qf1 Rxe1 35. Qxe1 Qxa4 36. Qd2 Qe8 37. Qxg5 Qd7 38. Kg2 a5 39. Qf4+ Ke8 40. Bd6 Ne7 41. h4 Nf5 42. Bc7 Qd3 43. h5 Ne3+ 44. Kh3 Qf1+ 45. Kh4 Ng2+ 0-1

[Event "Gibraltar Masters 15th"]
[Site "Caleta"]
[Date "2017.01.28"]
[Round "5"]
[White "Vanheirzeele, Daniel"]
[Black "Vilarnovo Caamano, Jose"]
[Result "1/2-1/2"]
[WhiteElo "2154"]
[BlackElo "2009"]
[PlyCount "36"]
[EventDate "2017.01.24"]
[EventType "swiss"]
[EventRounds "10"]
[EventCountry "GGB"]
[SourceTitle "CBM 177"]
[Source "ChessBase"]
[SourceDate "2017.03.16"]
[SourceVersion "1"]
[SourceVersionDate "2017.03.16"]
[SourceQuality "1"]

1. d4 e6 2. e4 b6 3. Bd3 Bb7 4. Nf3 c5 5. c3 Nf6 6. Qe2 d5 7. e5 Nfd7 8. Ng5 Be7 9. f4 Nc6 10. Be3 c4 11. Bc2 g6 12. 0-0 Nf8 13. Rf3 b5 14. Nd2 Qa5 15. a4 b4 16. Bf2 b3 17. Bb1 Bxg5 18. fxg5 Nd8 1/2-1/2

[Event "Gibraltar Masters 15th"]
[Site "Caleta"]
[Date "2017.01.25"]
[Round "2"]
[White "Vilarnovo Caamano, Jose"]
[Black "Pourkashiyan, Atousa"]
[Result "0-1"]
[WhiteElo "2009"]
[BlackElo "2303"]
[PlyCount "84"]
[EventDate "2017.01.24"]
[EventType "swiss"]
[EventRounds "10"]
[EventCountry "GGB"]
[SourceTitle "CBM 177"]
[Source "ChessBase"]
[SourceDate "2017.03.16"]
[SourceVersion "1"]
[SourceVersionDate "2017.03.16"]
[SourceQuality "1"]

1. e4 c5 2. Nf3 e6 3. d4 cxd4 4. Nxd4 a6 5. c4 Nf6 6. Nc3 Qc7 7. a3 b6 8. Be3 Bb7 9. f3 d6 10. Rc1 Nbd7 11. Be2 Be7 12. 0-0 0-0 13. b4 Rac8 14. Qb3 Rfe8 15. Rfd1 Qb8 16. Bf2 Bd8 17. Bf1 Bc7 18. g3 h5 19. Bg2 Ne5 20. Nc2 Ba8 21. Ne3 b5 22. c5 dxc5 23. bxc5 h4 24. f4 Neg4 25. Nxg4 Nxg4 26. Rc2 Nxf2 27. Rxf2 hxg3 28. hxg3 Ba5 29. f5 Qxg3 30. fxe6 fxe6 31. Rf3 Qe5 32. Rdd3 Qxc5+ 33. Kh1 Qg5 34. Rg3 Qc1+ 35. Nd1 Re7 36. Rg6 Qc4 37. Qb1 Bxe4 38. Bxe4 Qxe4+ 39. Rg2 Qh4+ 40. Rh2 Qe1+ 41. Kg2 Rf7 42. Rh1 Qe2+ 0-1

[Event "Gibraltar Masters 14th"]
[Site "Caleta"]
[Date "2016.02.04"]
[Round "10"]
[White "Ranaivoharisoa, Alain"]
[Black "Vilarnovo Caamano, Jose"]
[Result "1-0"]
[WhiteElo "2160"]
[BlackElo "2043"]
[PlyCount "109"]
[EventDate "2016.01.26"]
[EventType "swiss"]
[EventRounds "10"]
[EventCountry "GGB"]
[SourceTitle "CBM 171"]
[Source "ChessBase"]
[SourceDate "2016.03.14"]
[SourceVersion "2"]
[SourceVersionDate "2016.03.14"]
[SourceQuality "1"]

1. e4 c5 2. Nf3 Nc6 3. d4 cxd4 4. Nxd4 Nf6 5. Nc3 e5 6. Ndb5 d6 7. Bg5 a6 8. Bxf6 gxf6 9. Na3 b5 10. Nd5 Bg7 11. c3 Ne7 12. Nc2 0-0 13. Nxe7+ Qxe7 14. Ne3 Qb7 15. Qf3 f5 16. Nxf5 Bxf5 17. Qxf5 Rfe8 18. Bd3 Re6 19. 0-0 Rg6 20. Rad1 Re8 21. Bc2 Ree6 22. Qh5 Qe7 23. Rd3 Rh6 24. Qe2 Reg6 25. h3 Bf6 26. Rg3 Bg5 27. Rd1 Bf4 28. Rxg6+ Rxg6 29. Bb3 Bh6 30. g3 Bf8 31. Rd3 Qg5 32. Rf3 Rf6 33. Kg2 Rxf3 34. Qxf3 Qg6 35. Bd5 Be7 36. b4 Bd8 37. Kf1 Kg7 38. Ke2 f6 39. Qg4 Qxg4+ 40. hxg4 a5 41. Bc6 Kf7 42. Bxb5 Ke6 43. Bc6 Bb6 44. f3 Ke7 45. Kd3 Kd8 46. Kc4 Kc7 47. Kb5 Bf2 48. Bd5 Be1 49. Kxa5 Bxc3 50. Kb5 Be1 51. a4 Bxg3 52. a5 Bf2 53. Ka4 Kb8 54. b5 Ka7 55. b6+ 1-0

[Event "Gibraltar Masters 14th"]
[Site "Caleta"]
[Date "2016.01.30"]
[Round "5"]
[White "Vilarnovo Caamano, Jose"]
[Black "Ajele, Rotimi"]
[Result "1/2-1/2"]
[WhiteElo "2043"]
[BlackElo "2163"]
[PlyCount "62"]
[EventDate "2016.01.26"]
[EventType "swiss"]
[EventRounds "10"]
[EventCountry "GGB"]
[SourceTitle "CBM 171"]
[Source "ChessBase"]
[SourceDate "2016.03.14"]
[SourceVersion "2"]
[SourceVersionDate "2016.03.14"]
[SourceQuality "1"]

1. e4 e5 2. Nf3 Nf6 3. Nxe5 d6 4. Nf3 Nxe4 5. c4 Be7 6. Nc3 Nxc3 7. bxc3 0-0 8. d4 Re8 9. Be3 c5 10. Bd3 Qa5 11. Qd2 Bf6 12. Rb1 a6 13. 0-0 cxd4 14. cxd4 Qxd2 15. Nxd2 Nc6 16. Ne4 Be7 17. Rfe1 Rb8 18. Nc3 Bd7 19. Nd5 Bd8 20. Re2 Na5 21. Bf4 Rxe2 22. Bxe2 Rc8 23. Rb4 Be6 24. Bxd6 b5 25. Bc5 bxc4 26. Nc3 Bf6 27. Bf3 Bd8 28. Kf1 Bf5 29. Ke1 Bf6 30. Kd1 h6 31. Rb6 Rd8 1/2-1/2

[Event "Sanxenxo Carlos op 6th"]
[Site "Sanxenxo"]
[Date "2014.06.29"]
[Round "9"]
[White "Espineira Gonzalez, Diego Adrian"]
[Black "Vilarnovo Caamano, Jose"]
[Result "1/2-1/2"]
[WhiteElo "2388"]
[BlackElo "2078"]
[PlyCount "84"]
[EventDate "2014.06.21"]
[EventType "swiss"]
[EventRounds "9"]
[EventCountry "ESP"]
[SourceTitle "CBM 161 Extra"]
[Source "ChessBase"]
[SourceDate "2014.08.29"]
[SourceVersion "1"]
[SourceVersionDate "2014.08.29"]
[SourceQuality "1"]

1. e4 c5 2. Nf3 Nc6 3. d4 cxd4 4. Nxd4 Nf6 5. Nc3 e5 6. Ndb5 d6 7. Bg5 a6 8. Na3 b5 9. Bxf6 gxf6 10. Nd5 f5 11. g3 fxe4 12. Bg2 Bg7 13. Bxe4 Be6 14. Qh5 Rc8 15. Rd1 Ne7 16. c3 Nxd5 17. Bxd5 Bxd5 18. Rxd5 Rc5 19. Rd2 e4 20. Qd1 Be5 21. Qg4 Qa8 22. 0-0 h5 23. Qh4 f5 24. f4 exf3 25. Rdf2 Qe4 26. Rxf3 Qxh4 27. gxh4 Rg8+ 28. Kh1 f4 29. Nc2 Rd5 30. Nb4 Rd2 31. R3f2 Rxf2 32. Rxf2 a5 33. Nd5 Rg4 34. h3 Rg3 35. Nxf4 Bxf4 36. Rxf4 Rxh3+ 37. Kg2 Rd3 38. Rf3 Rd2+ 39. Rf2 Rd3 40. Kf1 Ke7 41. Rf5 Ke6 42. Rxh5 Rh3 1/2-1/2

[Event "Madrid Oliver Gonzalez Memorial 2nd"]
[Site "Madrid"]
[Date "2011.10.16"]
[Round "9"]
[White "Camarero Izquierdo, Juan Carlos"]
[Black "Vilarnovo Caamano, Jose"]
[Result "0-1"]
[WhiteElo "1933"]
[BlackElo "2087"]
[PlyCount "44"]
[EventDate "2011.10.08"]
[EventType "swiss"]
[EventRounds "9"]
[EventCountry "ESP"]
[SourceTitle "CBM 144 Extra"]
[Source "ChessBase"]
[SourceDate "2011.10.28"]
[SourceVersion "1"]
[SourceVersionDate "2011.10.28"]
[SourceQuality "1"]

1. d4 e6 2. Nc3 b6 3. e4 Bb7 4. Be3 Bb4 5. Qg4 Nf6 6. Qxg7 Rg8 7. Qh6 Bxe4 8. 0-0-0 Bxc3 9. bxc3 Qe7 10. f3 Qa3+ 11. Kd2 Bg6 12. Bc4 d5 13. Bd3 Bxd3 14. Kxd3 Qa6+ 15. Kd2 Rxg2+ 16. Ke1 Nbd7 17. Bg5 0-0-0 18. Rd2 Rxd2 19. Bxd2 Qxa2 20. Kd1 Qa1+ 21. Ke2 Rg8 22. Qe3 Rg2+ 0-1

[Event "Madrid Oliver Gonzalez Memorial 2nd"]
[Site "Madrid"]
[Date "2011.10.15"]
[Round "8"]
[White "Vilarnovo Caamano, Jose"]
[Black "Alcazar Jimenez, Jesus Alberto"]
[Result "0-1"]
[WhiteElo "2087"]
[BlackElo "2294"]
[PlyCount "68"]
[EventDate "2011.10.08"]
[EventType "swiss"]
[EventRounds "9"]
[EventCountry "ESP"]
[SourceTitle "CBM 144 Extra"]
[Source "ChessBase"]
[SourceDate "2011.10.28"]
[SourceVersion "1"]
[SourceVersionDate "2011.10.28"]
[SourceQuality "1"]

1. e4 c5 2. Nf3 e6 3. d4 cxd4 4. Nxd4 Nf6 5. Nc3 Nc6 6. Ndb5 Bc5 7. Bf4 0-0 8. Bc7 Qe7 9. Bd6 Bxd6 10. Qxd6 Ne8 11. Qxe7 Nxe7 12. 0-0-0 a6 13. Nd6 Nxd6 14. Rxd6 f5 15. f3 b5 16. Be2 Ra7 17. Rhd1 fxe4 18. Nxe4 Nf5 19. Rb6 Ne3 20. Rd4 d5 21. Nd6 Bd7 22. g3 e5 23. Rd3 d4 24. Ra3 Rc7 25. Bd3 Nd5 26. Rbxa6 Nb4 27. R6a5 Rc6 28. Ne4 Rfc8 29. Kd1 Nxd3 30. cxd3 Rc1+ 31. Ke2 R8c2+ 32. Nd2 Rh1 33. Ra7 Rxh2+ 34. Ke1 Rc1# 0-1

[Event "Madrid Oliver Gonzalez Memorial 2nd"]
[Site "Madrid"]
[Date "2011.10.09"]
[Round "3"]
[White "Vilarnovo Caamano, Jose"]
[Black "Galan Aguado, Fernando"]
[Result "1-0"]
[WhiteElo "2087"]
[BlackElo "1779"]
[PlyCount "39"]
[EventDate "2011.10.08"]
[EventType "swiss"]
[EventRounds "9"]
[EventCountry "ESP"]
[SourceTitle "CBM 144 Extra"]
[Source "ChessBase"]
[SourceDate "2011.10.28"]
[SourceVersion "1"]
[SourceVersionDate "2011.10.28"]
[SourceQuality "1"]

1. e4 e6 2. d4 d5 3. Nd2 dxe4 4. Nxe4 Bd7 5. Bd3 Bc6 6. Nf3 Nd7 7. 0-0 Ngf6 8. Ned2 Be7 9. Re1 0-0 10. Nc4 Bxf3 11. Qxf3 c6 12. Ne5 Qa5 13. c3 Rad8 14. Bf4 Qd5 15. Qh3 Rfe8 16. Bc4 Qa5 17. Nxf7 Kxf7 18. Qxe6+ Kg6 19. Bd3+ Kh5 20. Qh3# 1-0

[Event "Barbera del Valles op 34th"]
[Site "Barbera del Valles"]
[Date "2011.07.05"]
[Round "2"]
[White "Vilarnovo Caamano, Jose"]
[Black "Canal Oliveras, Joan"]
[Result "1/2-1/2"]
[WhiteElo "2061"]
[BlackElo "2247"]
[PlyCount "61"]
[EventDate "2011.07.04"]
[EventType "swiss"]
[EventRounds "9"]
[EventCountry "ESP"]
[SourceTitle "CBM 143 Extra"]
[Source "ChessBase"]
[SourceDate "2011.08.29"]
[SourceVersion "1"]
[SourceVersionDate "2011.08.29"]
[SourceQuality "1"]

1. e4 e5 2. Nc3 Nf6 3. Nf3 Nc6 4. d4 exd4 5. Nxd4 Bb4 6. Nxc6 bxc6 7. Bd3 d5 8. e5 Ng4 9. Bf4 d4 10. Qf3 dxc3 11. 0-0-0 Rb8 12. Bf5 Qe7 13. Bxc8 Rxc8 14. Qxg4 0-0 15. Rd7 f5 16. exf6 Qxf6 17. Be3 Bd6 18. Bd4 Be5 19. Rd1 Bxd4 20. R1xd4 cxb2+ 21. Kb1 Rfe8 22. Rd1 a5 23. Qc4+ Kh8 24. Rf7 Re4 25. Qa6 Rd8 26. Rxf6 Rxd1+ 27. Kxb2 gxf6 28. Qc8+ Kg7 29. Qxc7+ Kg6 30. Qg3+ Kf7 31. Qc7+ 1/2-1/2

[Event "Barbera del Valles op 34th"]
[Site "Barbera del Valles"]
[Date "2011.07.04"]
[Round "1"]
[White "Lorenzo de la Riva, Lazaro"]
[Black "Vilarnovo Caamano, Jose"]
[Result "1-0"]
[WhiteElo "2391"]
[BlackElo "2061"]
[PlyCount "73"]
[EventDate "2011.07.04"]
[EventType "swiss"]
[EventRounds "9"]
[EventCountry "ESP"]
[SourceTitle "CBM 143 Extra"]
[Source "ChessBase"]
[SourceDate "2011.08.29"]
[SourceVersion "1"]
[SourceVersionDate "2011.08.29"]
[SourceQuality "1"]

1. e4 c5 2. Nf3 Nc6 3. Bb5 g6 4. 0-0 Bg7 5. Re1 Nf6 6. e5 Nd5 7. Nc3 Nc7 8. Bxc6 dxc6 9. Ne4 Ne6 10. d3 0-0 11. Be3 b6 12. Qd2 f5 13. exf6 exf6 14. Bh6 Re8 15. Bxg7 Kxg7 16. Ng3 Rb8 17. a3 Rb7 18. Re4 Rbe7 19. b4 Qd6 20. Qc3 Nd4 21. Nxd4 Rxe4 22. Nxe4 Qxd4 23. Qxd4 cxd4 24. Kf1 Re6 25. a4 Re5 26. Nd6 Bd7 27. Nc4 Re6 28. a5 b5 29. Nd2 Re5 30. Nb3 Rd5 31. Re1 f5 32. Re7+ Kf6 33. Rxh7 f4 34. Nc5 Bf5 35. Rxa7 f3 36. gxf3 Bh3+ 37. Ke2 1-0

[Event "Madrid Oliver Gonzalez Memorial 1st"]
[Site "Madrid"]
[Date "2010.10.17"]
[Round "9"]
[White "Pablos Tenrero, Raquel"]
[Black "Vilarnovo Caamano, Jose"]
[Result "0-1"]
[WhiteElo "1884"]
[BlackElo "2059"]
[PlyCount "60"]
[EventDate "2010.10.09"]
[EventType "swiss"]
[EventRounds "9"]
[EventCountry "ESP"]
[SourceTitle "CBM 138 Extra"]
[Source "ChessBase"]
[SourceDate "2010.10.29"]
[SourceVersion "1"]
[SourceVersionDate "2010.10.29"]
[SourceQuality "1"]

1. e4 c5 2. c3 Nf6 3. e5 Nd5 4. d4 cxd4 5. Qxd4 e6 6. Nf3 Nc6 7. Qe4 f5 8. Qe2 Qc7 9. g3 b5 10. Bg2 a5 11. 0-0 Be7 12. Rd1 Ba6 13. Nd4 Nxd4 14. Rxd4 b4 15. Qe1 Bb7 16. Bd2 Bc5 17. Rd3 0-0 18. cxb4 axb4 19. Bc1 f4 20. Rf3 g5 21. gxf4 Nxf4 22. Bxf4 gxf4 23. Rh3 Kh8 24. Be4 Rg8+ 25. Kh1 Rg7 26. Nd2 Rag8 27. Nf3 Bxf2 28. Qe2 Be3 29. Qd3 Qc8 30. Ng5 Qa8 0-1

[Event "Madrid Oliver Gonzalez Memorial 1st"]
[Site "Madrid"]
[Date "2010.10.16"]
[Round "8"]
[White "Vilarnovo Caamano, Jose"]
[Black "Castano, Henry Augusto"]
[Result "0-1"]
[WhiteElo "2059"]
[BlackElo "2205"]
[PlyCount "72"]
[EventDate "2010.10.09"]
[EventType "swiss"]
[EventRounds "9"]
[EventCountry "ESP"]
[SourceTitle "CBM 138 Extra"]
[Source "ChessBase"]
[SourceDate "2010.10.29"]
[SourceVersion "1"]
[SourceVersionDate "2010.10.29"]
[SourceQuality "1"]

1. e4 d6 2. d4 Nf6 3. Nc3 g6 4. f4 Bg7 5. Be2 c5 6. e5 Nfd7 7. exd6 cxd4 8. Nb5 0-0 9. Nc7 exd6 10. Nxa8 Nc6 11. Nf3 Nc5 12. 0-0 Ne4 13. Bd3 d5 14. b3 Bg4 15. Bb2 Qd6 16. h3 Bxf3 17. Rxf3 Rxa8 18. g4 Re8 19. Kg2 Qd8 20. Bb5 Qb6 21. Bf1 a6 22. a3 Qd8 23. b4 b5 24. Bd3 Nd6 25. Qf1 Nc4 26. Bxc4 dxc4 27. Re1 Rxe1 28. Qxe1 d3 29. Bc1 dxc2 30. Re3 Qd5+ 31. Kh2 h5 32. gxh5 Qxh5 33. Qe2 Qxe2+ 34. Rxe2 Nd4 35. Re4 f5 36. Re7 Bf8 0-1

[Event "Madrid Oliver Gonzalez Memorial 1st"]
[Site "Madrid"]
[Date "2010.10.12"]
[Round "4"]
[White "Vilarnovo Caamano, Jose"]
[Black "Serrano Salvador, Eduardo"]
[Result "0-1"]
[WhiteElo "2059"]
[BlackElo "2352"]
[PlyCount "64"]
[EventDate "2010.10.09"]
[EventType "swiss"]
[EventRounds "9"]
[EventCountry "ESP"]
[SourceTitle "CBM 138 Extra"]
[Source "ChessBase"]
[SourceDate "2010.10.29"]
[SourceVersion "1"]
[SourceVersionDate "2010.10.29"]
[SourceQuality "1"]

1. e4 c5 2. Nf3 Nc6 3. d4 cxd4 4. Nxd4 e6 5. Nc3 Qc7 6. Nb3 a6 7. Bd3 Nf6 8. 0-0 b5 9. f4 d6 10. Kh1 h5 11. Be3 Bb7 12. Qe2 Be7 13. a4 b4 14. Nd1 Na5 15. Nxa5 Qxa5 16. Bd4 h4 17. Nf2 e5 18. fxe5 dxe5 19. Be3 h3 20. gxh3 Qc7 21. Kg1 Qc6 22. Bg5 Bc5 23. Bxf6 gxf6 24. Qg4 Ke7 25. Kh1 Qe6 26. Qxe6+ fxe6 27. Rg1 Rh7 28. Rg2 f5 29. Rag1 Bxf2 30. Rg7+ Rxg7 31. Rxg7+ Kf6 32. Rxb7 Rg8 0-1

[Event "Patrimonio op 2nd"]
[Site "Alcala de Henares"]
[Date "2007.10.09"]
[Round "3"]
[White "Vilarnovo Caamano, Jose"]
[Black "Valderrama Arroyo, Victor"]
[Result "1-0"]
[WhiteElo "2101"]
[BlackElo "1891"]
[PlyCount "31"]
[EventDate "2007.10.07"]
[EventType "swiss"]
[EventRounds "9"]
[EventCountry "ESP"]
[SourceTitle "EXT 2008"]
[Source "ChessBase"]
[SourceDate "2007.11.25"]
[SourceVersion "1"]
[SourceVersionDate "2007.11.25"]
[SourceQuality "1"]

1. e4 c5 2. b4 cxb4 3. Bb2 d6 4. d4 Nf6 5. Bd3 Nbd7 6. e5 dxe5 7. dxe5 Nxe5 8. Bxe5 Qa5 9. Bb2 Be6 10. Nd2 Rd8 11. Ngf3 g6 12. 0-0 Bh6 13. Nb3 Qh5 14. Ne5 Ng4 15. Bb5+ Bd7 16. Bxd7+ 1-0